Günter Grass

Na minha lista:
Detalhes bibliográficos
Autor principal: Miles, Keith
Formato: Livro
Idioma:Undetermined
Publicado em: Londres, Inglaterra Vision Press Limited 1975
Assuntos:
Tags: Adicionar Tag
Sem tags, seja o primeiro a adicionar uma tag!

MARC

LEADER 00000nam a2200000Ia 4500
008 170316s9999 xx 000 0 und d
040 |a cru BVZT 
090 |a 830 M-6g 
100 |a Miles, Keith 
245 |a Günter Grass 
260 |a Londres, Inglaterra 
260 |b Vision Press Limited 
260 |c 1975 
300 |a 240 páginas 
650 |a LITERATURA ALEMANA 
999 |c 7402  |d 7402 
942 |c 15 D  |h 830 M-6g  |2 z